|
|
|
|
| LEADER |
00560cam a2200169 7i4500 |
| 001 |
0000028950 |
| 005 |
20130215090000.0 |
| 020 |
0 |
0 |
|a 9789678917575
|
| 090 |
0 |
0 |
|a M 342.595
|b PER
|
| 245 |
0 |
0 |
|a Perlembagaan Persekutuan :
|b (Hingga 10hb Februari 2007).
|
| 260 |
0 |
0 |
|a Petaling Jaya:
|b International Law Book Services,
|c 2007.
|
| 300 |
# |
# |
|a 170 p.
|
| 650 |
0 |
0 |
|a Constitutional law --
|z Malaysia
|
| 650 |
0 |
0 |
|a Constitution --
|z Malaysia
|
| 650 |
0 |
0 |
|a Perkembagaan Persekutuan --
|z Malaysia
|
| 651 |
0 |
0 |
|a Malaysia
|
| 999 |
|
|
|a 0000030832
|b Book
|c Malaysia
|e Business Information Centre
|